[Event "Tournoi Skype 022B"]
[Site "Skype"]
[Date "????.??.??"]
[Round "2.31"]
[White "Codina, Teresa"]
[Black "Castellano Ayala, Pedro Jose"]
[Result "1-0"]
[WhiteElo "1236"]
[BlackElo "1000"]
[PlyCount "107"]

1. e4 e5 2. Nf3 Nc6 3. Bb5 d6 4. O-O Be6 5. d4 f6 6. d5 Bg4 7. dxc6 b6 8. Nbd2
Nh6 9. h3 Be6 10. Be2 Be7 11. b3 O-O 12. c4 Qe8 13. Qc2 Qg6 14. Nh4 Qf7 15. Re1
f5 16. Nf1 Bxh4 17. Bxh6 gxh6 18. Bd3 f4 19. Nh2 Qg6 20. Bf1 f3 21. g3 Bxg3 22.
Ng4 Bxg4 23. hxg4 Bh4 24. Bh3 h5 25. Kh2 hxg4 26. Rg1 Bg5 27. Rxg4 Bf4+ 28. Kg1
Bg5 29. Kh1 Rf4 30. Rag1 h6 31. Qd1 Raf8 32. a4 Rxe4 33. Qd5+ Kh7 34. Rxe4 Qh5
35. Qe6 Bf4 36. Qd7+ Rf7 37. Qg4 Qxg4 38. Bxg4 Rg7 39. Bf5+ Kh8 40. Ree1 h5 41.
Be4 Bg5 42. Bxf3 h4 43. Bg4 Rf7 44. f3 Rf4 45. Kh2 Kh7 46. Kh3 Kh6 47. b4 Rxc4
48. b5 Rxa4 49. Bf5 Rb4 50. Ra1 Be3 51. Rg6+ Kh5 52. Rxa7 Rxb5 53. Rxc7 Bc5 54.
Rh7# 1-0

[Event "Tournoi Skype 022B"]
[Site "Skype"]
[Date "????.??.??"]
[Round "2.34"]
[White "Ruiz Gomez, Luz Alba"]
[Black "Marty, Yvette"]
[Result "1-0"]
[WhiteElo "1227"]
[BlackElo "1000"]
[PlyCount "67"]

1. d4 d5 2. Nf3 Nc6 3. Bf4 e6 4. e3 Be7 5. c3 Nf6 6. Bd3 Bd6 7. Ne5 Nd7 8. Nxc6
bxc6 9. Bxd6 cxd6 10. O-O Nf6 11. Nd2 O-O 12. Qc2 g6 13. Nf3 Rb8 14. Rab1 Nh5
15. Qa4 Bd7 16. Qxa7 Rc8 17. Qa4 Qf6 18. Qb4 e5 19. Be2 exd4 20. cxd4 Rce8 21.
Rbc1 Bh3 22. gxh3 Nf4 23. exf4 Rxe2 24. Rfe1 Re4 25. Rxe4 dxe4 26. Nd2 Qxf4 27.
Rxc6 Re8 28. Rc1 e3 29. fxe3 Rxe3 30. Rf1 Qg5+ 31. Kh1 Rxh3 32. Qc4 Re3 33.
Qxf7+ Kh8 34. Qf8# 1-0

[Event "Tournoi Skype 022B"]
[Site "Skype"]
[Date "????.??.??"]
[Round "2.35"]
[White "Farfallini, Michel"]
[Black "Schnell, Nicolas"]
[Result "1-0"]
[WhiteElo "1221"]
[BlackElo "1000"]
[PlyCount "51"]

1. e4 e5 2. Nf3 Nc6 3. Bb5 Bc5 4. O-O Nf6 5. Bxc6 dxc6 6. d3 Ng4 7. Qe2 O-O 8.
c3 Be7 9. h3 Nf6 10. Nxe5 Bd6 11. Nf3 Re8 12. Nbd2 Re6 13. Nd4 Re5 14. N2f3 Rh5
15. e5 Be7 16. exf6 Bxf6 17. Bf4 g5 18. Bxc7 Qd7 19. Bg3 g4 20. Ne5 Qe7 21.
Nxg4 Qf8 22. Nxf6+ Kh8 23. Qxh5 h6 24. Bf4 Bxh3 25. Bxh6 Qd6 26. Bf8# 1-0

[Event "Tournoi Skype 022B"]
[Site "Skype"]
[Date "????.??.??"]
[Round "2.36"]
[White "Barrionuevo, Hilario"]
[Black "Alverson, Ginny"]
[Result "0-1"]
[WhiteElo "1000"]
[BlackElo "1207"]
[PlyCount "40"]

1. e4 c5 2. Nf3 d6 3. Bc4 Bd7 4. O-O Nf6 5. Re1 Nc6 6. c3 e5 7. d4 Nxd4 8. cxd4
cxd4 9. Nbd2 Ng4 10. h3 Nh6 11. b3 Rc8 12. Bb2 Be7 13. a4 O-O 14. b4 Bh4 15. g3
Bxh3 16. gxh4 Qf6 17. Kh2 Bg4 18. Rf1 Qf4+ 19. Kg1 Bh3 20. Qc2 Qg4+ 0-1

[Event "Tournoi Skype 022B"]
[Site "Skype"]
[Date "????.??.??"]
[Round "3.1"]
[White "Navghane, Rahul"]
[Black "Legueltel, Daniel"]
[Result "1-0"]
[WhiteElo "1396"]
[BlackElo "1684"]
[PlyCount "81"]

1. e4 c5 2. Nf3 Nc6 3. c4 d6 4. Nc3 Nf6 5. d3 g6 6. h3 Bg7 7. Be3 a6 8. a3 e6
9. Qa4 Bd7 10. b4 Nxb4 11. Qd1 Nc6 12. Rb1 Qc7 13. Na4 Ne5 14. Nb6 Nxf3+ 15.
Qxf3 Rb8 16. Nxd7 Nxd7 17. Be2 Ne5 18. Qg3 Nc6 19. O-O Nd4 20. Bxd4 Bxd4 21.
Kh1 O-O 22. f4 f5 23. exf5 exf5 24. Bf3 Rfe8 25. Bd5+ Kg7 26. Qh4 Re3 27. g4 h6
28. gxf5 Bf6 29. Qg4 g5 30. fxg5 hxg5 31. h4 b5 32. hxg5 Rh8+ 33. Kg2 Be5 34.
Rf3 Re2+ 35. Rf2 Rh2+ 36. Kg1 Rexf2 37. f6+ Kf8 38. Qe6 Rxf6 39. Qg8+ Ke7 40.
Qg7+ Ke8 41. Qxc7 1-0

[Event "Tournoi Skype 022B"]
[Site "Skype"]
[Date "????.??.??"]
[Round "3.2"]
[White "Couto, Januario"]
[Black "Briere, Jean"]
[Result "1-0"]
[WhiteElo "1500"]
[BlackElo "1381"]
[PlyCount "73"]

1. e4 e5 2. Nf3 Nc6 3. Bc4 Bc5 4. c3 d6 5. d4 exd4 6. cxd4 Bb4+ 7. Nc3 Nge7 8.
O-O O-O 9. Bg5 Qd7 10. a3 Bxc3 11. bxc3 d5 12. Bd3 dxe4 13. Bxe4 Ng6 14. Nh4
Nxh4 15. Bxh4 Qg4 16. Qxg4 Bxg4 17. f3 f5 18. Bd5+ Kh8 19. fxg4 fxg4 20. Bxc6
bxc6 21. Rxf8+ Rxf8 22. Bg3 Rf7 23. Rf1 Kg8 24. Rxf7 Kxf7 25. Bxc7 Ke6 26. Kf2
Kd5 27. Ke2 Kc4 28. Kd2 g6 29. h3 h5 30. hxg4 hxg4 31. Bd6 a5 32. g3 Kd5 33.
Bc7 a4 34. Kd3 c5 35. c4+ Kc6 36. Be5 cxd4 37. Kxd4 1-0

[Event "Tournoi Skype 022B"]
[Site "Skype"]
[Date "????.??.??"]
[Round "3.3"]
[White "Malbec, Robert"]
[Black "Yanez, Leticia Jorgelina"]
[Result "1-0"]
[WhiteElo "1467"]
[BlackElo "1348"]
[PlyCount "93"]

1. e4 e5 2. Nf3 Nc6 3. Bc4 Nf6 4. Ng5 d5 5. exd5 Nxd5 6. Nxf7 Kxf7 7. Qf3+ Bf5
8. Qxf5+ Qf6 9. Bxd5+ Ke8 10. Qxf6 gxf6 11. Bxc6+ bxc6 12. O-O Rg8 13. d3 Bc5
14. Nd2 Rb8 15. Ne4 Be7 16. b3 h5 17. Be3 Rb4 18. Bxa7 f5 19. Bc5 Bxc5 20. Nxc5
Rbg4 21. g3 h4 22. Kh1 hxg3 23. fxg3 f4 24. Ne4 fxg3 25. Nf6+ Kd8 26. Nxg4 Rxg4
27. hxg3 Rxg3 28. Rae1 Rh3+ 29. Kg2 Rh5 30. Rf3 Kc8 31. Rfe3 Rg5+ 32. Kh3 Rf5
33. Rxe5 Rxe5 34. Rxe5 Kb7 35. c4 c5 36. Rxc5 Kb6 37. d4 c6 38. Rh5 c5 39. Rxc5
Ka6 40. b4 Kb6 41. d5 Ka6 42. d6 Kb6 43. d7 Ka6 44. d8=Q Kb7 45. Qd6 Ka7 46.
Rc7+ Kb8 47. Qd8# 1-0

[Event "Tournoi Skype 022B"]
[Site "Skype"]
[Date "????.??.??"]
[Round "3.4"]
[White "Aceituno, Stebe"]
[Black "Ricieri, Vanilda"]
[Result "0-1"]
[WhiteElo "1427"]
[BlackElo "1327"]
[PlyCount "68"]

1. e4 c5 2. Nf3 g6 3. d4 cxd4 4. Nxd4 Bg7 5. c4 Nc6 6. Be3 Nf6 7. Nxc6 bxc6 8.
Nc3 O-O 9. Bd3 d5 10. exd5 cxd5 11. cxd5 Nxd5 12. O-O Nxe3 13. fxe3 Bxc3 14.
bxc3 Be6 15. Qc2 Qc7 16. c4 Rab8 17. Rf4 Qc5 18. Qf2 Rfd8 19. Rd4 Rd6 20. Rxd6
Qxd6 21. Rc1 Qxd3 22. e4 Rb1 23. Re1 Bxc4 24. h3 Bxa2 25. Rxb1 Bxb1 26. Qxa7
Qxe4 27. Qb8+ Kg7 28. Qb2+ e5 29. Kh2 Bd3 30. Qd2 Qf4+ 31. Qxf4 exf4 32. h4 f6
33. Kh3 g5 34. hxg5 fxg5 0-1

[Event "Tournoi Skype 022B"]
[Site "Skype"]
[Date "????.??.??"]
[Round "3.5"]
[White "Munoz Gonzalez, Martin"]
[Black "Rangasamy, Jayaprakash"]
[Result "0-1"]
[WhiteElo "1406"]
[BlackElo "1199"]
[PlyCount "72"]

1. b3 e5 2. Bb2 Nc6 3. e3 Nf6 4. Bb5 d6 5. Nf3 Bd7 6. O-O a6 7. Bxc6 bxc6 8. d3
h5 9. h3 Be6 10. Ng5 Bf5 11. f4 Qd7 12. e4 Bg4 13. hxg4 hxg4 14. fxe5 dxe5 15.
Bxe5 Rh6 16. Bxf6 gxf6 17. Nf3 gxf3 18. Qxf3 Qd4+ 19. Qf2 Bc5 20. c3 Qxf2+ 21.
Rxf2 Bxf2+ 22. Kxf2 Rh1 23. g3 Rd8 24. Ke3 Ke7 25. d4 Rg8 26. Kf4 Rg1 27. c4
R8xg3 28. Na3 Rg4+ 29. Kf3 Rxa1 30. Kxg4 Rxa2 31. Nb1 Rb2 32. Nc3 Rxb3 33. Ne2
Re3 34. Ng3 Rxg3+ 35. Kxg3 a5 36. Kf2 a4 0-1

[Event "Tournoi Skype 022B"]
[Site "Skype"]
[Date "????.??.??"]
[Round "3.6"]
[White "Hernandez Lopez, Joaquin"]
[Black "Junqueira, Leonardo De Faria"]
[Result "0-1"]
[WhiteElo "1318"]
[BlackElo "1400"]
[PlyCount "92"]

1. e4 c6 2. d4 d5 3. e5 e6 4. a3 c5 5. c3 cxd4 6. cxd4 Ne7 7. Bg5 Nbc6 8. Bb5
Qa5+ 9. b4 Qxb5 10. Nf3 h6 11. Bd2 Nf5 12. Bc3 Qb6 13. O-O Be7 14. Qd3 O-O 15.
Nbd2 Qd8 16. g3 Bg5 17. Nxg5 Qxg5 18. Nf3 Qd8 19. Kg2 Bd7 20. a4 a6 21. a5 Nce7
22. Rh1 Bb5 23. Qd1 Rc8 24. Rc1 b6 25. h3 bxa5 26. bxa5 Nc6 27. Ra1 f6 28. g4
Nfe7 29. Nh4 fxe5 30. dxe5 d4 31. Bd2 Nxe5 32. f4 Bc6+ 33. Kh2 Bxh1 34. Qxh1
N5g6 35. Nxg6 Nxg6 36. Qe4 Qf6 37. Rf1 Ne7 38. Bb4 Rf7 39. Bd6 Qg6 40. Qf3 Rc2+
41. Rf2 Rxf2+ 42. Qxf2 Qe4 43. Kg3 d3 44. h4 Nc6 45. h5 Rd7 46. Ba3 d2 0-1

[Event "Tournoi Skype 022B"]
[Site "Skype"]
[Date "????.??.??"]
[Round "3.7"]
[White "Ramirez Reina, Orlando"]
[Black "Vilone, Rino"]
[Result "1-0"]
[WhiteElo "1301"]
[BlackElo "1400"]
[PlyCount "137"]

1. e4 e5 2. Nf3 Nc6 3. Bc4 Nd4 4. Nxd4 exd4 5. d3 c5 6. O-O h6 7. h3 Nf6 8. Bf4
Be7 9. e5 Nh7 10. Qh5 O-O 11. Nd2 d5 12. exd6 Bg5 13. Bxg5 Nxg5 14. Rfe1 Qxd6
15. Ne4 Nxe4 16. Rxe4 Bd7 17. Rae1 Kh7 18. Qe2 Qg6 19. Kh2 Bc6 20. Rg4 Qd6+ 21.
Qe5 Qxe5+ 22. Rxe5 f5 23. Rf4 g5 24. Rfxf5 Kg6 25. g4 Rf6 26. Rxf6+ Kxf6 27.
Re6+ Kg7 28. Kg3 Rf8 29. Re7+ Kh8 30. Rf7 Rxf7 31. Bxf7 Kg7 32. Bb3 Kf6 33. f4
b6 34. c3 b5 35. cxd4 cxd4 36. a3 a5 37. Ba2 b4 38. axb4 axb4 39. Bc4 Be8 40.
fxg5+ Kxg5 41. h4+ Kf6 42. Kf4 Ba4 43. b3 Bc6 44. g5+ Kg7 45. Ke5 Be8 46. Kxd4
hxg5 47. hxg5 Bh5 48. Ke5 Be2 49. Kd6 Bf1 50. Kc5 Bg2 51. Kxb4 Bh3 52. Kc5 Kf8
53. b4 Bf5 54. b5 Bc8 55. d4 Ke8 56. b6 Bb7 57. Bd5 Ba6 58. b7 Bxb7 59. Bxb7
Kd8 60. g6 Ke7 61. Bd5 Kf6 62. g7 Kxg7 63. Kd6 Kf8 64. Kd7 Kg7 65. Ke7 Kh6 66.
Bc6 Kg6 67. d5 Kf5 68. d6 Ke5 69. d7 1-0

[Event "Tournoi Skype 022B"]
[Site "Skype"]
[Date "????.??.??"]
[Round "3.8"]
[White "Milanese, Serge"]
[Black "Cayo, Ana Carolina"]
[Result "0-1"]
[WhiteElo "1400"]
[BlackElo "1496"]
[PlyCount "46"]

1. e4 c6 2. Nf3 d5 3. exd5 cxd5 4. d4 Nf6 5. Nc3 Bf5 6. Bd3 Bxd3 7. Qxd3 e6 8.
Qb5+ Qd7 9. O-O a6 10. Qxd7+ Nbxd7 11. Re1 Bd6 12. h3 O-O 13. Bg5 Rac8 14. a3
Ne4 15. Nxe4 dxe4 16. Rxe4 Rxc2 17. b4 Rfc8 18. Rae1 Ra2 19. d5 e5 20. Nd4 exd4
21. Re8+ Rxe8 22. Rxe8+ Nf8 23. Re7 Ra1+ 0-1

[Event "Tournoi Skype 022B"]
[Site "Skype"]
[Date "????.??.??"]
[Round "3.9"]
[White "Aranzubia, Desiderio"]
[Black "Lemoine, Gerard"]
[Result "1/2-1/2"]
[WhiteElo "1488"]
[BlackElo "1396"]
[PlyCount "78"]

1. d4 d5 2. Nf3 Bf5 3. c4 Bxb1 4. Rxb1 e6 5. Bg5 Be7 6. Bxe7 Nxe7 7. e3 O-O 8.
Bd3 Nd7 9. O-O a6 10. Qc2 Nf6 11. a3 c6 12. h3 g6 13. Rfd1 Qd7 14. Ne5 Rfc8 15.
c5 Kg7 16. Qe2 Qd8 17. b4 Nd7 18. Nxd7 Qxd7 19. a4 a5 20. b5 Qd8 21. b6 Qg8 22.
f3 f5 23. e4 Rf8 24. e5 f4 25. Kh2 Kh8 26. Rg1 Rf7 27. g3 g5 28. h4 h6 29. Rbf1
Qg7 30. hxg5 Qxg5 31. g4 Qh4+ 32. Kg2 Qg3+ 33. Kh1 Qh4+ 34. Qh2 Qxh2+ 35. Kxh2
Rg8 36. Kh3 Rfg7 37. Rh1 h5 38. Kg2 Rg5 39. Be2 Nf5 1/2-1/2

[Event "Tournoi Skype 022B"]
[Site "Skype"]
[Date "????.??.??"]
[Round "3.11"]
[White "Mhabdi, Mahesh"]
[Black "Duthoit, Bernard"]
[Result "1-0"]
[WhiteElo "1196"]
[BlackElo "1515"]
[PlyCount "91"]

1. e4 e6 2. Bc4 d5 3. exd5 exd5 4. Bb3 Nf6 5. d4 Bb4+ 6. Bd2 Bxd2+ 7. Nxd2 O-O
8. Ngf3 Re8+ 9. Ne5 Nc6 10. Ndf3 Bg4 11. O-O Bxf3 12. Nxf3 Re4 13. Ng5 Rxd4 14.
Qe2 Rg4 15. f4 Nd4 16. Qd3 Nxb3 17. axb3 c6 18. Ra4 h6 19. h3 Rh4 20. Nf3 Rh5
21. f5 Ne4 22. Rxe4 dxe4 23. Qxe4 Qd5 24. Qxd5 cxd5 25. g4 Rxh3 26. Kg2 Rxf3
27. Rxf3 Re8 28. Kf2 Re4 29. Kg3 f6 30. Rd3 d4 31. Kf3 Re3+ 32. Rxe3 dxe3 33.
Kxe3 Kf7 34. c4 Ke7 35. Ke4 Kd6 36. b4 b6 37. Kd4 a6 38. c5+ bxc5+ 39. bxc5+
Kc6 40. b4 Kc7 41. Kd5 Kd7 42. c6+ Kc7 43. Kc5 Kc8 44. Kb6 Kb8 45. Kxa6 Kc7 46.
Kb5 1-0

[Event "Tournoi Skype 022B"]
[Site "Skype"]
[Date "????.??.??"]
[Round "3.12"]
[White "Leyton Calderon, Jairo Osvaldo"]
[Black "Battaglia, Gabriele"]
[Result "1-0"]
[WhiteElo "1593"]
[BlackElo "1264"]
[PlyCount "39"]

1. Nf3 d5 2. b3 Nf6 3. Bb2 Nc6 4. e3 Bf5 5. c4 e6 6. cxd5 exd5 7. Bb5 Bc5 8.
O-O O-O 9. d4 Bd6 10. Nc3 Qd7 11. Ne2 a6 12. Ne5 Qe6 13. Nf4 Qe7 14. Bxc6 bxc6
15. Nxc6 Qd7 16. Ne5 Qc8 17. Rc1 c5 18. dxc5 Bxc5 19. Nxd5 Nd7 20. Ne7+ 1-0

[Event "Tournoi Skype 022B"]
[Site "Skype"]
[Date "????.??.??"]
[Round "3.13"]
[White "Bouffard, Georges"]
[Black "Fouquereau, Andre"]
[Result "0-1"]
[WhiteElo "1251"]
[BlackElo "1479"]
[PlyCount "74"]

1. e4 e5 2. c4 Nf6 3. Qc2 Nc6 4. Nf3 d6 5. a3 Bg4 6. Be2 Bxf3 7. Bxf3 Nd4 8.
Qc3 Qd7 9. h3 Be7 10. d3 O-O 11. Be3 Nxf3+ 12. gxf3 Nh5 13. Nd2 Nf4 14. Bxf4
exf4 15. Nf1 c5 16. Qd2 a6 17. b3 b5 18. Qc2 Rfe8 19. Nd2 Bf6 20. O-O-O a5 21.
a4 bxa4 22. bxa4 Rab8 23. Nb1 Rb2 24. Qxb2 Bxb2+ 25. Kxb2 Qxa4 26. Nc3 Qb4+ 27.
Kc2 a4 28. Rb1 Qa5 29. Rb5 Qa8 30. Nd5 a3 31. Nb6 Qa6 32. Ra1 Rb8 33. Nd5 Rxb5
34. cxb5 Qa4+ 35. Kd2 Qxb5 36. Nc3 Qb2+ 37. Kd1 Qxa1+ 0-1

[Event "Tournoi Skype 022B"]
[Site "Skype"]
[Date "????.??.??"]
[Round "3.14"]
[White "Codina, Teresa"]
[Black "Hernandez, George"]
[Result "0-1"]
[WhiteElo "1236"]
[BlackElo "1429"]
[PlyCount "58"]

1. e4 e5 2. Nf3 Nc6 3. Bb5 a6 4. Ba4 Bc5 5. O-O Nf6 6. d3 O-O 7. c3 d5 8. exd5
Nxd5 9. Nxe5 Nxe5 10. d4 b5 11. Bc2 Bb6 12. dxe5 Bb7 13. Nd2 Qh4 14. Ne4 Nf4
15. Bxf4 Qxf4 16. Qh5 Bxe4 17. Bxe4 Qxe4 18. Rae1 Qc2 19. Re2 Qd3 20. a3 Rad8
21. Ree1 Qc2 22. Qf3 Rd2 23. b4 Rxf2 24. Rxf2 Qd2 25. Kf1 Bxf2 26. Rd1 Qe3 27.
Qxf2 Qxe5 28. Rd7 Qxc3 29. Qxf7+ Rxf7+ 0-1

[Event "Tournoi Skype 022B"]
[Site "Skype"]
[Date "????.??.??"]
[Round "3.15"]
[White "Borg, Anthony"]
[Black "Gerbaux, Regis"]
[Result "1-0"]
[WhiteElo "1237"]
[BlackElo "1425"]
[PlyCount "65"]

1. d4 d5 2. e3 e6 3. c4 Bb4+ 4. Bd2 Qe7 5. cxd5 exd5 6. Bd3 Nc6 7. h3 Nxd4 8.
Nc3 Nf6 9. Nge2 Bf5 10. Qa4+ c6 11. Bxf5 Nxf5 12. O-O O-O 13. Qd1 Rfe8 14. a3
Bc5 15. b4 Bb6 16. b5 Qe6 17. bxc6 Bc7 18. cxb7 Qd6 19. g3 Rab8 20. Nb5 Qc5 21.
Nxc7 Qxc7 22. Nf4 Rxb7 23. Rc1 Qb8 24. Bc3 Qd6 25. Bxf6 Qxf6 26. Qxd5 Rbb8 27.
Rc6 Qg5 28. e4 Qe7 29. exf5 Rbd8 30. Qa5 Qe4 31. Rfc1 Qf3 32. R6c3 Re3 33. fxe3
1-0

[Event "Tournoi Skype 022B"]
[Site "Skype"]
[Date "????.??.??"]
[Round "3.16"]
[White "De Nobrega, George"]
[Black "Ruiz Gomez, Luz Alba"]
[Result "1/2-1/2"]
[WhiteElo "1396"]
[BlackElo "1227"]
[PlyCount "157"]

1. e4 e5 2. Nf3 Nc6 3. Bc4 Bc5 4. Nc3 Nf6 5. h3 O-O 6. a3 d6 7. O-O a6 8. d3 h6
9. Qe2 b5 10. Ba2 Bb7 11. Be3 Bxe3 12. Qxe3 b4 13. axb4 Nxb4 14. Qd2 c5 15. Bb3
Bc8 16. Ne2 Re8 17. c3 Nc6 18. Rfe1 Be6 19. Bxe6 Rxe6 20. Ng3 Ne7 21. d4 Ng6
22. dxe5 Nxe5 23. Nxe5 Rxe5 24. Qd3 a5 25. f3 Qb6 26. Qd2 c4+ 27. Kh2 Rd8 28.
Rab1 Ree8 29. b3 cxb3 30. Qd4 Qxd4 31. cxd4 a4 32. Rb2 Rb8 33. Ra1 Rb4 34. Nf5
d5 35. e5 Nd7 36. Nd6 Ra8 37. Ra3 Nb6 38. Kg3 Rxd4 39. Rb1 Nc4 40. Raa1 b2 41.
Ra2 a3 42. Nxc4 dxc4 43. Rbxb2 c3 44. Rc2 Rd3 45. Kf4 Rc8 46. Ke4 Rd2 47. Rxd2
cxd2 48. Rxd2 Rc3 49. Ra2 Rb3 50. g4 g5 51. f4 Kg7 52. fxg5 hxg5 53. Kf5 Kh6
54. Kf6 Rf3+ 55. Ke7 Kg6 56. e6 fxe6 57. Kxe6 Rxh3 58. Rg2 Rb3 59. Ra2 Rg3 60.
Ke5 Rb3 61. Ke4 Kf6 62. Kd4 Ke6 63. Ke4 Kf6 64. Rf2+ Ke6 65. Ra2 Kd6 66. Kf5
Kc5 67. Kxg5 Kb4 68. Kf5 Rb2 69. Rxa3 Kxa3 70. g5 Rg2 71. Kf6 Rf2+ 72. Kg6 Rg2
73. Kh6 Rh2+ 74. Kg6 Rh8 75. Kf7 Rh5 76. g6 Rg5 77. g7 Rg4 78. g8=Q Rxg8 79.
Kxg8 1/2-1/2

[Event "Tournoi Skype 022B"]
[Site "Skype"]
[Date "????.??.??"]
[Round "3.17"]
[White "Meaney, Mike"]
[Black "Farfallini, Michel"]
[Result "1/2-1/2"]
[WhiteElo "1370"]
[BlackElo "1221"]
[PlyCount "61"]

1. d4 d5 2. Nc3 e6 3. a3 Nf6 4. Nf3 Be7 5. Bf4 c6 6. e3 O-O 7. Bd3 Nbd7 8. Ne2
Qb6 9. Qc1 c5 10. O-O Nh5 11. Bg3 c4 12. Nf4 Nxg3 13. fxg3 cxd3 14. Nxd3 Qc7
15. g4 Nf6 16. Nfe5 Ne4 17. c3 Bd6 18. Nf3 b6 19. Nf2 Ba6 20. Re1 Nxf2 21. Kxf2
f6 22. e4 Bxh2 23. Nxh2 Qxh2 24. Rh1 Qd6 25. Qc2 Bb7 26. e5 fxe5+ 27. Kg1 h6
28. Rxh6 gxh6 29. Qg6+ Kh8 30. Qxh6+ Kg8 31. Qg6+ 1/2-1/2

[Event "Tournoi Skype 022B"]
[Site "Skype"]
[Date "????.??.??"]
[Round "3.18"]
[White "Ram, Madhukesh"]
[Black "Maccaferri, Massimo"]
[Result "1-0"]
[WhiteElo "1230"]
[BlackElo "1357"]
[PlyCount "63"]

1. d4 d5 2. Nc3 e6 3. e4 dxe4 4. Nxe4 Bb4+ 5. Nc3 Qh4 6. Nf3 Qe4+ 7. Be2 Qg4 8.
O-O e5 9. Nxe5 Qf5 10. Bd2 c5 11. Be3 cxd4 12. Bxd4 f6 13. Bb5+ Bd7 14. Nxd7
Bxc3 15. Nxf6+ Kf7 16. Bc4+ Kf8 17. Bxc3 Nc6 18. Nd7+ Ke8 19. Bxg7 Qxd7 20.
Qxd7+ Kxd7 21. Bxh8 Nge7 22. Bc3 Rc8 23. Bb5 Nd5 24. Rad1 Kd6 25. Bxc6 bxc6 26.
Rfe1 Kc7 27. Rxd5 cxd5 28. Re7+ Kb6 29. Rxh7 Re8 30. h3 Re2 31. Kh2 Rxf2 32.
Bd4+ 1-0

[Event "Tournoi Skype 022B"]
[Site "Skype"]
[Date "????.??.??"]
[Round "3.19"]
[White "Escudero Ocana, Francisco"]
[Black "Khabou, Taha"]
[Result "1-0"]
[WhiteElo "1333"]
[BlackElo "1000"]
[PlyCount "65"]

1. e4 c6 2. Nf3 d5 3. e5 Bf5 4. d4 e6 5. Nc3 c5 6. Be3 cxd4 7. Bxd4 Nc6 8. Bb5
Nge7 9. O-O a6 10. Bxc6+ Nxc6 11. Re1 Nxd4 12. Nxd4 Bg6 13. Re3 Bc5 14. Nce2
Rc8 15. c3 Be4 16. Rg3 O-O 17. f3 Bg6 18. Nf4 Qh4 19. Qd2 Bf5 20. Kh1 Bxd4 21.
Qxd4 Qe7 22. Nh5 Bg6 23. Qg4 Rc4 24. f4 Qc5 25. Qf3 Bxh5 26. Qxh5 Rxf4 27. Qg5
g6 28. Qxf4 b5 29. Rf1 Qc7 30. Qg5 a5 31. Rf4 b4 32. Rh4 Kg7 33. Qh6+ 1-0

[Event "Tournoi Skype 022B"]
[Site "Skype"]
[Date "????.??.??"]
[Round "3.20"]
[White "Porcabeuf, Jean-Marc"]
[Black "Hargez, Dany"]
[Result "0-1"]
[WhiteElo "1224"]
[BlackElo "1308"]
[PlyCount "40"]

1. d4 d5 2. Nf3 c5 3. c3 e6 4. e3 Nd7 5. Bd3 Bd6 6. O-O c4 7. Bc2 f5 8. Nbd2
Ngf6 9. Re1 O-O 10. h3 Qc7 11. e4 fxe4 12. Ne5 Bxe5 13. dxe5 Nxe5 14. f3 e3 15.
Rxe3 Qc5 16. Nf1 Nh5 17. Kh1 Qd6 18. f4 Rxf4 19. Qxh5 Rxf1+ 20. Kh2 Nf3# 0-1

[Event "Tournoi Skype 022B"]
[Site "Skype"]
[Date "????.??.??"]
[Round "3.21"]
[White "Alverson, Ginny"]
[Black "Bhandari, Dattatrey"]
[Result "0-1"]
[WhiteElo "1207"]
[BlackElo "1298"]
[PlyCount "30"]

1. Nf3 d6 2. d4 c6 3. c3 Qc7 4. e3 Nf6 5. Bd3 Bg4 6. O-O Nbd7 7. Nbd2 e5 8.
dxe5 Nxe5 9. Be2 h5 10. Nxe5 dxe5 11. Bxg4 hxg4 12. e4 O-O-O 13. f3 Bc5+ 14.
Kh1 Rxh2+ 15. Kxh2 Rh8+ 0-1

[Event "Tournoi Skype 022B"]
[Site "Skype"]
[Date "????.??.??"]
[Round "3.22"]
[White "Sanchez Padilla, Armando Edilber"]
[Black "Berbedes, Jorgelina"]
[Result "1-0"]
[WhiteElo "1278"]
[BlackElo "1094"]
[PlyCount "39"]

1. e4 e5 2. Nf3 Nc6 3. Bb5 Bc5 4. O-O Nf6 5. d3 a6 6. Ba4 b5 7. Bb3 Na5 8. Nxe5
Nxb3 9. axb3 Qe7 10. d4 Bb6 11. Re1 Bb7 12. Nc3 d6 13. Ng4 c5 14. d5 c4 15. e5
Nxg4 16. Qxg4 dxe5 17. Qxg7 Qf8 18. Qxe5+ Kd7 19. Bf4 f6 20. Qe6+ 1-0

[Event "Tournoi Skype 022B"]
[Site "Skype"]
[Date "????.??.??"]
[Round "3.23"]
[White "Douichi, Mohammed"]
[Black "Torres, Vicky"]
[Result "0-1"]
[WhiteElo "1165"]
[BlackElo "1277"]
[PlyCount "132"]

1. e4 e5 2. Nf3 Nc6 3. Bc4 Nd4 4. Nxe5 Qg5 5. Bxf7+ Kd8 6. Bd5 Qxe5 7. c3 Nf5
8. d4 Qe8 9. O-O Nh4 10. e5 c6 11. Bg5+ Be7 12. Bxh4 Bxh4 13. Be4 Ne7 14. Nd2
Ng6 15. Nf3 Be7 16. Re1 Qf7 17. Bc2 d6 18. Bb3 Be6 19. Bxe6 Qxe6 20. Qd2 d5 21.
Qc2 Nf4 22. Kf1 Qg4 23. Nh4 Bxh4 24. f3 Qg6 25. Qxg6 hxg6 26. g3 Nd3 27. Re2
Be7 28. Rd1 Nxb2 29. Rxb2 Kc7 30. Kg2 Raf8 31. f4 g5 32. Kf3 gxf4 33. gxf4 Rh3+
34. Kg4 Rh4+ 35. Kg3 Rfxf4 36. Rdb1 b6 37. h3 g5 38. Rh1 Re4 39. Kf3 c5 40.
dxc5 Bxc5 41. Rb5 Re3+ 42. Kg2 Rxc3 43. Rb2 Bd4 44. Re2 Re4 45. Rxe4 dxe4 46.
Rf1 Bxe5 47. Rf7+ Kc6 48. Rxa7 e3 49. Kf3 Bd4 50. Re7 Ra3 51. Kg4 Rxa2 52. Kxg5
e2 53. Re6+ Kd5 54. Kf5 Bc3 55. h4 e1=Q 56. Rxe1 Bxe1 57. h5 Rh2 58. Kg4 Bd2
59. Kf3 Rxh5 60. Ke2 Rh2+ 61. Kd3 Bf4 62. Kc3 Rh3+ 63. Kb4 Kc6 64. Ka4 b5+ 65.
Ka5 Ra3+ 66. Kb4 Ra4+ 0-1

[Event "Tournoi Skype 022B"]
[Site "Skype"]
[Date "????.??.??"]
[Round "3.24"]
[White "Lecluyse, Koenraad"]
[Black "Amato, Ludovica"]
[Result "1-0"]
[WhiteElo "1137"]
[BlackElo "1267"]
[PlyCount "45"]

1. d4 d5 2. Nf3 Nf6 3. Bf4 Bf5 4. e3 e6 5. Bd3 Bxd3 6. Qxd3 Nbd7 7. O-O c5 8.
c3 Be7 9. Nbd2 O-O 10. a3 a5 11. b4 axb4 12. cxb4 b6 13. Ne5 Nxe5 14. Bxe5 cxb4
15. Bxf6 Bxf6 16. axb4 e5 17. Rxa8 Qxa8 18. Qb5 exd4 19. exd4 Bxd4 20. Nf3 Bf6
21. Re1 Qb7 22. h3 Rc8 23. Re8+ 1-0

[Event "Tournoi Skype 022B"]
[Site "Skype"]
[Date "????.??.??"]
[Round "3.25"]
[White "Lequeux, Pierre"]
[Black "Moumtaz, Abderrahim"]
[Result "0-1"]
[WhiteElo "1083"]
[BlackElo "1338"]
[PlyCount "72"]

1. e4 e5 2. Nf3 Nc6 3. Be2 Nf6 4. Nc3 Bc5 5. d3 O-O 6. O-O d5 7. Na4 Bd6 8. a3
dxe4 9. dxe4 Nxe4 10. Bd3 Nf6 11. Bg5 Re8 12. Bb5 Bd7 13. Bxc6 Bxc6 14. Bxf6
Qxf6 15. Nc3 Rad8 16. Qe2 e4 17. Nd2 a6 18. Rab1 Qe5 19. g3 Bc5 20. Rfe1 e3 21.
fxe3 Qxe3+ 22. Qxe3 Bxe3+ 23. Kf1 Bxd2 24. Rxe8+ Rxe8 25. Rd1 Be3 26. Ke1 Bc1+
27. Ne2 Bxb2 28. a4 Bxa4 29. Rb1 Bc3+ 30. Kd1 Rd8+ 31. Kc1 Bd2+ 32. Kd1 Bb4+
33. Kc1 Ba3+ 34. Rb2 Bxb2+ 35. Kxb2 Rd2 36. Nc3 Rxc2+ 0-1

[Event "Tournoi Skype 022B"]
[Site "Skype"]
[Date "????.??.??"]
[Round "3.26"]
[White "Erten, Ozlem"]
[Black "Khatanhar, Mohit"]
[Result "1-0"]
[WhiteElo "1112"]
[BlackElo "1314"]
[PlyCount "31"]

1. e4 e5 2. Nf3 Nc6 3. Bb5 Nd4 4. Ba4 Nxf3+ 5. Qxf3 Nf6 6. c3 c6 7. d4 h6 8.
dxe5 Nh7 9. Bb3 Qe7 10. O-O d5 11. exd6 Qd7 12. e5 b6 13. Re1 Bb7 14. e6 Qxd6
15. exf7+ Kd8 16. Rd1 1-0

[Event "Tournoi Skype 022B"]
[Site "Skype"]
[Date "????.??.??"]
[Round "3.27"]
[White "Vincent, Andre"]
[Black "Cengiz, Ali Ekber"]
[Result "1-0"]
[WhiteElo "1263"]
[BlackElo "1201"]
[PlyCount "77"]

1. e4 e5 2. Nf3 Nc6 3. Bc4 Nf6 4. d3 a6 5. O-O b5 6. Bb3 Bb7 7. c3 h6 8. Be3
Bd6 9. Nbd2 Ne7 10. a3 Ng6 11. h3 Be7 12. Rc1 d6 13. c4 c6 14. d4 exd4 15. Nxd4
c5 16. N4f3 Bc8 17. e5 Nxe5 18. Nxe5 dxe5 19. Nf3 Qc7 20. Re1 e4 21. Nd2 Qe5
22. Qe2 Bd6 23. Nf1 Bc7 24. Red1 Bf5 25. a4 Bg6 26. Qd2 Rd8 27. Qc3 Qe6 28.
cxb5 Nd5 29. Qxc5 Bd6 30. Qc6+ Rd7 31. Rxd5 Qe7 32. Qc8+ Rd8 33. Qc6+ Rd7 34.
Rcd1 Bf5 35. Rxd6 O-O 36. Bc5 Rc7 37. Qd5 Rcc8 38. Qxf5 Rfe8 39. Rd7 1-0